Normal view
MARC view
Entry Personal Name
001 - CONTROL NUMBER
- control field: 1232
003 - CONTROL NUMBER IDENTIFIER
- control field: OSt
005 - DATE AND TIME OF LATEST TRANSACTION
- control field: 20110419171022.0
008 - FIXED-LENGTH DATA ELEMENTS
- fixed length control field: 110419|||a|||||| | ||| d
040 ## - CATALOGING SOURCE
- Original cataloging agency: OSt
- Transcribing agency: OSt
100 ## - HEADING--PERSONAL NAME
- Personal name: Cane, Peter,
- Dates associated with a name: 1950-
670 ## - SOURCE DATA FOUND
- Source citation: Work cat.: (OSt)0: Atiyah, P. S. 893, Atiyah's Accidents, compensation, and the law., 1987.
